Länder mit 9 Buchstaben - Statistiken

Allgemein
  • Dieses Quiz wurde 225 mal gespielt
  • Das Durchschnittsergebnis liegt bei 9 aus 19
Antwortstatistiken
Kontinent Staat % Korrekt
Südamerika Brasilien
76%
Südamerika Kolumbien
70%
Südamerika Venezuela
69%
Europa Bulgarien
62%
Europa Slowenien
59%
Nordamerika Costa Rica
58%
Nordamerika Guatemala
57%
Nordamerika Nicaragua
57%
Afrika Südafrika
57%
Europa Luxemburg
55%
Afrika Äthiopien
52%
Europa San Marino
47%
Asien Nordkorea
44%
Europa Moldawien
41%
Ozeanien Salomonen
41%
Afrika Mauritius
29%
Asien Jordanien
27%
Afrika Dschibuti
25%
Asien Malediven
22%
Keine übereinstimmenden Quizze gefunden
Verteilung der Resultate
Anzahl Personen mit jedem Resultat
Perzentil nach korrekt beantworteten Fragen
Ihre Resultats-Entwicklung
Sie haben dieses Quiz noch nicht gespielt